000 00542nam a2200181Ia 4500
008 240729s9999 xx 000 0 und d
022 _a2320-4745
245 0 _aIndian Journal of Allergy Asthma and Immunology
260 _aIndia
260 _bWolters Kluwer Medknow Publications
650 _a Immunologic diseases. Allergy
650 _a Internal medicine
650 _a Specialties of internal medicine
650 _aMedicine
856 _uhttps://doaj.org/toc/378ec5402a0a42d2b875c607baaa5535
942 _2ddc
942 _cDOAJEJ
999 _c72888
_d72888
945 _a1
_bMadushi Gamage
_c1
_dMadushi Gamage